000 00350nam a2200145 4500
005 20260130125916.0
020 _a9788122439861
082 _a822.33
_bSHA.T
084 _2Colon Classification
100 _a Shakespeare,William
_98845
245 _aTempest
260 _aNewDelhi:
_bNew Age International,
300 _a86p.
942 _2ddc
_c GIF
999 _c755550
_d755550